000 00977nam a2200253Ia 4500
003 OSt
005 20221005112415.0
006 a|||||r|||| 00| 0
007 ta
008 221004b |||||||| |||| 00| 0 pan d
020 _c250
024 _a117069
037 _b552, 14/12/2011, H.K. Prakashan
_cTextual
040 _aCRL
_cCRL
_bpan
041 _2pan
_apan
082 _aO153:gN, P7
100 _aਜਗਮੋਹਨ ਸਿੰਘl ਹਰਪ੍ਰੀਤ ਕੌਰ
_9624329
245 0 _aਆਧੁਨਿਕ ਸਾਹਿਤ ਦੇ ਬਦਲਦੇ ਪਰਿਪੇਖ
_b ਸੰਬੋਧ ਅਤੇ ਸੰਬਾਦ
260 _aਚੰਡਿਗੜ
_bਲੋਕ ਗੀਤ ਪ੍ਰਕਾਨ ਭਾਰਤ
_c2007
300 _a212ਪੰ
_ccm.
650 _aਪੰਜਾਬੀ ਸਾਹਿਤ
942 _hO153:gN, P7
_cTEXL
_2cc
999 _c1024795
_d1024795